Průmyslová ekologie : Sborník konference. 24. - 26. března 2010, hotel Jehla, Žďár nad Sázavou

Saved in:
Bibliographic Details
Format: Book
Published: Chrudim : Vodní zdroje EKOMONITOR, 2010
Edition:1. vyd
Tags: Add Tag
No Tags, Be the first to tag this record!

MARC

LEADER 00000nam a22000003a 4500
001 stu212663
005 20150408182758.3
008 101012s2010----xr----------------------d
020 |a 978-80-86832-50-0 
040 |a STU  |b slo 
041 0
044 |a xr 
245 |a Průmyslová ekologie :  |b Sborník konference. 24. - 26. března 2010, hotel Jehla, Žďár nad Sázavou 
250 |a 1. vyd 
260 |a Chrudim :  |b Vodní zdroje EKOMONITOR,  |c 2010 
300 |a 237 s 
996 |b 284M080145  |c M*Z-3836  |l MMKN  |s A  |a 24  |w stu212663_0001